000 01220nam0a22003251 4500
001 RU\NLR\INFOCOMM_161\5000093963
005 20250613101651.0
035 _a(NLR Aleph) 009386802
090 _a8017363
_c8017363
100 _a20110123d1981 |||y0rusy50 ca
101 1 _aeng
102 _aRU
105 _aa ||||000|y
200 1 _aGrimson sails
_e[A fantasy a other stories]
_fAleksander Grin
_g[Transl. by Fainna Glagoleva et al.
_gIll. by Mikhail Dorokhov]
210 _aM.
_cProgress
_d1981
215 _a107 с.
_cил.
_d22 см
300 _aВ вып. дан.: Алые паруса / А. Грин
327 1 _aСодерж.: Crimson sails; The snake; His father's wrath; The port commandant
464 0 _12001#$aCrimson sails
_tCrimson sails
464 0 _12001#$aThe snake
_tThe snake
464 0 _12001#$aHis father's wrath
_tHis father's wrath
464 0 _12001#$aThe port commandant
_tThe port commandant
686 _aШ6(2-р)77(англ.)
_2rubbk
700 1 _9z01790
_aGrin
_bA. S.
_c[pseud.]
_f1880-1932
_gAleksandr Stepanovič
_4070
790 1 _9z01700
_aGrin
_bA.
_gAleksander
_4070
801 1 _aRU
_bNLR
_c20110123
801 0 _aRU
_bNLR
_gPSBO
852 _aNLR
_jЛ31 Д-5/25
942 _cBOOK
980 _aNB